000 00800nam a2200253Ia 4500
003 OSt
005 20220925215718.0
006 a|||||r|||| 00| 0
007 ta
008 220923b |||||||| |||| 00| 0 eng d
020 _a1853394521
037 _cGeneral Book
040 _aRTL
_cRTL
_beng
041 _2eng
_aeng
082 _aU43:(G:55), N8
100 _aMuttagi Pandurang K
_9283353
245 0 _aSustainable development and the future of cities
260 _aLondon
_bIntermediate Technology Publications
_c1998
300 _ax, 291p Bibliography chapterwise
_ccm.
650 _aUrban Geography irt Environment
_9280341
700 _a Hamm Bernd Ed
_920425
942 _hU43:(G:55), N8
_cGB
_2CC
999 _c569494
_d569494